000 nam a22 7a 4500
999 _c40516
_d40516
005 20171114114938.0
008 171114b xxu||||| |||| 00| 0 eng d
040 _aANE
041 _aEs
082 _a863 S182
110 _aSalvat S.A
245 _aAlejandro y César
_cSalvat S.A
260 _aNavarra
_bSalvat S.A
_c1970
300 _a177 p.
500 _aÍndice
500 _aIntroducción
500 _aPrólogo
942 _2ddc
_cBK
_zNr.